Know your peninsulas - Statistics

General Stats
  • This quiz has been taken 32 times
  • The average score is 13 of 15
Answer Stats
Hint Answer % Correct
Jutland Denmark
100%
Korea North Korea
100%
Arabian Saudi Arabia
100%
Iberia Spain
100%
Labrador Canada
97%
Sinai Egypt
97%
Yucatan Mexico
97%
Kamchatka Russia
97%
Crimean Ukraine
97%
Kintyre UK / Scotland
97%
Anatolia Turkey
94%
Patagonia Argentina
90%
Peloponnesian Greece
87%
Deccan India
71%
Buri Eritrea
6%
No matching quizzes found
Score Distribution
Percent of People with Each Score
Percentile by Number Answered
Your Score History
You have not taken this quiz